00302nam a2200145Ia 4500003000900000008004100009040001300050040001300063100001900076245002600095250001300121260000800134300000800142490000600150IT-RoPAU120407s9999 xx 000 0 und d aIT-RoPAU cIT-RoPAU aJosé Comblin aLa forza della parola aBologna  aEmi c cm v1